[Event "GRE-ch U16 Girls"]
[Site "Niforeika"]
[Date "2000.04.25"]
[Round "5.2"]
[White "Grapsa, Zeta"]
[Black "Karahaliou, Evangelia"]
[Result "1-0"]
[WhiteElo "1855"]
[BlackElo "1860"]
[PlyCount "84"]
[EventDate "2000.??.??"]
[EventType "swiss"]
[EventRounds "7"]
[EventCountry "GRE"]
[SourceTitle "EXT 2004"]
[Source "ChessBase"]
[SourceDate "2003.11.25"]
[SourceVersion "1"]
[SourceVersionDate "2003.11.25"]
[SourceQuality "1"]

1. d4 Nf6 2. c4 e6 3. g3 c5 4. Bg2 cxd4 5. Qxd4 Nc6 6. Qd1 Qc7 7. Nf3 Be7 8. 0-0 b6 9. Nc3 a6 10. Bf4 d6 11. Rc1 Na7 12. Nd2 Bb7 13. Nde4 Nxe4 14. Nxe4 e5 15. Bg5 Bxe4 16. Bxe4 Bxg5 17. Bxa8 Bxc1 18. Qxc1 0-0 19. Bg2 Qc5 20. b3 Nc8 21. Qd2 a5 22. Rc1 h6 23. h4 Ne7 24. Rd1 Rd8 25. e3 g6 26. Bd5 Nxd5 27. Qxd5 Qxd5 28. Rxd5 Kf8 29. Kg2 Ke7 30. Kf3 Ke6 31. Rb5 Rb8 32. e4 Kd7 33. Kg4 Kc6 34. f4 f6 35. h5 Rg8 36. hxg6 Rxg6+ 37. Kf3 h5 38. Rd5 Rg8 39. a3 Rh8 40. Rd2 Rh7 41. f5 Rg7 42. Rh2 Rg8 1-0